000 00297nam a22001337a 4500
008 170830b xxu||||| |||| 00| 0 eng d
020 _a9781938421006
041 _aeng
080 _23 ED
_a070
100 _a40
101 _aMED
245 _aCRITICAL THINKING
_cEPSTEIN.R.L
942 _2udc
_cBK
999 _c25628
_d25628